Most Test Wickets - Australia - Statistics

General Stats
  • This quiz has been taken 12 times
  • The average score is 19 of 39
Answer Stats
Career Wickets Answer % Correct
2011- 433 Mitchell Starc
100%
2011- 567 Nathan Lyon
91%
2011- 315 Pat Cummins
91%
1992-2007 708 Shane Warne
91%
1971-1984 355 Dennis Lillee
82%
1993-2007 563 Glenn McGrath
82%
2014- 295 Josh Hazlewood
82%
2007-2015 313 Mitchell Johnson
82%
1999-2008 310 Brett Lee
73%
1946-1956 109 Ian Johnson
73%
1996-2006 259 Jason Gillespie
73%
1972-1985 200 Jeff Thomson
64%
1985-1994 212 Merv Hughes
64%
1952-1964 248 Richie Benaud
64%
1998-2008 208 Stuart MacGill
55%
1981-1991 170 Terry Alderman
55%
1984-1996 291 Craig McDermott
45%
1946-1956 170 Keith Miller
45%
1932-1946 144 Bill O'Reilly
36%
1961-1971 246 Graham McKenzie
36%
1972-1977 138 Max Walker
36%
1996-2006 113 Michael Kasprowicz
36%
1992-1998 104 Paul Reiffel
36%
2008-2019 221 Peter Siddle
36%
1946-1960 228 Ray Lindwall
36%
2010-2015 113 Ryan Harris
36%
1963-1971 102 Alan Connolly
27%
1953-1963 186 Alan Davidson
27%
1968-1980 132 Ashley Mallett
27%
1887-1895 101 Charles Turner
27%
1925-1936 216 Clarence Grimmet
27%
1980-1989 180 Geoff Lawson
27%
1890-1904 141 Hugh Trumble
27%
1978-1984 123 Rodney Hogg
27%
1947-1955 160 William Johnston
27%
1985-1992 113 Bruce Reid
18%
1978-1983 126 Bruce Yardley
9%
1881-1896 103 George Giffen
9%
1898-1909 121 Montague Noble
9%
No matching quizzes found
Score Distribution
Percent of People with Each Score
Percentile by Number Answered
Your Score History
You have not taken this quiz